000 00647nam a2200217Ii 4500
001 13893
003 CO-ViMGA
008 241108s9999||||xx |||||||||||||| ||und||
020 _a9684221517
040 _aCO-ViMGA
_bspa
_erda
_cCO-ViMGA
041 0 _aspa
082 0 4 _a658 R67c
100 1 _aWilliam E. Rothschild
_952658
245 1 0 _aCómo ganar (y conservar) la ventaja competitiva en los negocios
264 1 _aBogotá, Colombia : Presencia, 1987
300 _avolumen
336 _atext
_btxt
_2rdacontent
337 _aunmediated
_bn
_2rdamedia
338 _avolume
_bnc
_2rdacarrier
940 _aidficha_siabuc: 13591. -- ficha_no_siabuc:13893
999 _c47455
_d47455